The Drake & Josh Quiz - Statistics

General Stats
  • This quiz has been taken 620 times
  • The average score is 17 of 32
Answer Stats
Question Answer % Correct
What actor plays Drake Parker? Drake Bell
96%
Who is the evil sister? Megan Parker
96%
What actress plays the evil sister? Miranda Cosgrove
91%
What actor plays Josh Nichols? Josh Peck
90%
What does the evil sister call her brothers? Boobs
85%
Jerry Trainor plays what strange coworker of Josh? Crazy Steve
82%
Who is the owner of that movie theater? Helen Dubois
77%
What is the first name of Josh's father? Walter
72%
What are the names of the two main nerds? Eric Blonowitz
70%
Josh runs into what talk show host with his car? Oprah
69%
What are the names of the two main nerds? Craig Ramirez
64%
What object does Drake get the last of at the baseball game? Foam Finger
61%
What are they packaging when the conveyor belt goes fast? Sushi
61%
Who is the creator of the show? Dan Schneider
58%
These peppers can only be found in South Amereeca. Peruvian Puff Pepper
55%
What do the boys get trapped in after they burn the first one? Tree House
52%
What does the loser of the bet have to do? Dye their hair pink
51%
What is the catchphrase of the girl on 'Happy Times'? That is not my job!
50%
What is the name of the movie theater that Josh works at? The Premiere
49%
What vehicle do the brothers buy that Drake crashes? Dune Buggy
47%
What are the two TV movies about the show? Merry Christmas, Drake & Josh
39%
Name one of the two men they agree to sell grills from. Buddy & Guy
36%
"I got it" is the catchphrase of what other coworker? Gavin Mitchell
36%
Who does Josh reenact on 'America's Most Wanted'? Theater Thug
36%
What are the two TV movies about the show? Drake & Josh Go Hollywood
34%
The brothers performed what song at the talent show? Soul Man
33%
What roller coaster do the boys ride on? The Demonator
31%
What is the name of the teacher who hates Drake? Linda Hayfer
28%
Nug Nug and Princess Ablingada are from what series? Galaxy Wars
21%
In the pilot, Josh dresses up as a woman named what? Miss Nancy
20%
Who do they tell Blaise they are going to kidnap? The Governor
20%
In what special does a flashback happen of them fighting over shellfish? Really Big Shrimp
19%
No matching quizzes found
Score Distribution
Percent of People with Each Score
Percentile by Number Answered
Your Score History
You have not taken this quiz